| 000 | 00477nam a22001817a 4500 | ||
|---|---|---|---|
| 005 | 20230111094117.0 | ||
| 008 | 221220b |||||||| |||| 00| 0 eng d | ||
| 020 | _a81-23912-09-9 | ||
| 041 | _aeng | ||
| 082 | _a615.3 KAL-T | ||
| 100 |
_aKALIA ,A.N. _95335 |
||
| 245 | _aTEXT BOOK OF INDUSTRIAL PHARMACOGNOSY | ||
| 250 | _a1st ed. | ||
| 260 |
_aNEW DELHI _bCBS PUBLISHERS & DISTRIBUTORS _c2023 |
||
| 300 | _a285;P. | ||
| 650 |
_aPHARMACY _xB.PHARMA _97083 |
||
| 942 | _cBK | ||
| 999 |
_c8149 _d8147 |
||